Statistics for Words that End in "-mply"

Click here to take the quiz!

General Stats

  • This quiz has been taken 101 times
  • The average score is 5 of 9

Answer Stats

Answer% Correct
Simply
87%
Imply
76%
Amply
72%
Pimply
62%
Dimply
60%
Comply
56%
Limply
49%
Damply
47%
Plumply
17%

Score Distribution

Percentile by Number Answered

Percent of People with Each Score

Your Score History

You have not taken this quiz